000 01009nam a2200265Ia 4500
003 OSt
005 20221005103544.0
006 a|||||r|||| 00| 0
007 ta
008 221004b |||||||| |||| 00| 0 hin d
020 _a9789381951613 (hbk)
_c995
024 _a21090
037 _b285, 11/03/2015, Eastern Book Linkers
_cTextual
040 _aCRL
_cCRL
_bhin
041 _2hin
_ahin
082 _aQ2:4, 152Q4
100 _aमीणा, सुनीता
245 0 _aधर्मशास्त्रों के संदर्भ में गृहस्थाश्रम - विवेचन
246 _aDharmashāstroan ke sandarbha mean gṛuhasthāshram - vivechana
260 _aजयपुर
_bलिट्रेरी सर्किल भारत
_c2014
300 _a207पृ0
_ccm.
650 _aधर्म
942 _hQ2:4, 152Q4
_cTEXL
_2cc
999 _c1010270
_d1010270